Statistiche per I 10 Stati meno popolosi degli Stati Uniti

Clicka qui per fare il quiz!

Statistiche generali

  • Questo quiz è stato fatto 24 volte
  • Il punteggio medio è 7 su 10

Statistiche sulle risposte

popolazionestato% Corretto
1 093 734Rhode Island
95%
733 583Alaska
79%
1 122 867Montana
79%
647 064Vermont
74%
1 385 340Maine
68%
1 018 396Delaware
63%
1 395 231New Hampshire
58%
581 381Wyoming
53%
779 261Dakota del Nord
47%
909 824Dakota del Sud
47%

Distribuzione punteggi

Percentile per numero di risposta

Percentuale di utenti per punteggio

I tuoi punteggi nel tempo

Non hai fatto questo quiz